Fed Ex Cup - PGA Tour - Golf - Statistics

General Stats
  • This quiz has been taken 240 times
    93 since last reset
  • The average score is 10 of 16
Answer Stats
Year Golfer % Correct
2009 Tiger Woods
100%
2007 Tiger Woods
100%
2019 Rory McIlroy
96%
2016 Rory McIlroy
96%
2022 Rory McIlroy
95%
2017 Justin Thomas
78%
2020 Dustin Johnson
75%
2018 Justin Rose
71%
2021 Patrick Cantlay
51%
2008 Vijay Singh
49%
2010 Jim Furyk
36%
2015 Jordan Speith
36%
2014 Billy Horschel
34%
2013 Henrick Stenson
27%
2012 Brandt Snedeker
25%
2011 Bill Haas
21%
No matching quizzes found
Score Distribution
Percent of People with Each Score
Percentile by Number Answered
Your Score History
You have not taken this quiz since the last reset